LDR 01025naa#a2200193#i#450# 001 RU\INFRA-M\bibl\100377 005 20260430062559.4 011 ## _a1998-0744 100 ## _a20251105b2025####ek#y0rusy0150####ca 102 ## _aRU 200 1# _aПознавательный туризм в городе Москве: ресурсы и актуальные виды в аспекте образовательной геоурбанистикии географического образования _eЖурнальная статья 210 1# _aМосква _cОбщество с ограниченной ответственностью «Научно-издательский центр ИНФРА-М» _d2025 215 ## _a7 с. 608 ## _aЖурнальная статья _2local 675 ## _aОбразование. Воспитание. Обучение. Организация досуга. 37 _z 700 #1 _aШульгина _gО. В. 700 #1 _aВоронова _gТ. С. 700 #1 _aГрушина _gТ. П. 856 4# _anaukaru.ru _u